Paroles Chanter pour ceux - Michel Berger - Statistiques

Statistiques générales
  • Ce quiz a été pris 286 fois
  • Le résultat moyen est 214 sur 261
Statistiques - réponses
Paroles % Correct
qui
99%
Qui
99%
ceux
98%
chanter
98%
Chanter
98%
de
98%
eux
98%
Je
98%
je
98%
pour
98%
son
98%
chez
97%
loin
97%
sont
97%
Et
96%
fait
96%
veux
96%
A
95%
à
95%
a
95%
leur
95%
mal
95%
on
95%
dans
94%
ont
94%
Quelque
93%
yeux
93%
chose
92%
leurs
92%
les
84%
la
83%
83%
pense
81%
peu
81%
au
80%
ça
77%
d'eux
76%
Qu'on
76%
fond
75%
oublie
75%
Ils
74%
Quand
72%
un
71%
du
70%
En
68%
gardent
68%
qu'ils
68%
aillent
66%
nuit
65%
lui
64%
ne
64%
têtes
64%
toute
64%
cette
63%
fête
62%
seuls
62%
fille
61%
passe
61%
petite
61%
Celui-là
60%
des
60%
monde
60%
plus
60%
quelqu'un
58%
regarder
58%
tristes
58%
Y'a
58%
étoiles
57%
jamais
57%
pensant
56%
qu'au
56%
bout
55%
Comme
55%
vie
55%
joue
54%
père
54%
sourire
53%
empire
52%
s'est
52%
veut
52%
voit
51%
construit
50%
mémoire
46%
partout
46%
volé
46%
sur
45%
d'une
41%
jours
41%
prison
41%
barreaux
40%
histoire
39%
piétiné
38%
marche
33%
miroir
33%
comptera
32%
alignant
29%
bâtons
29%
bombes
22%
voudra
21%
Aucun quiz correspondant
Distribution des résultats
% des personnes avec chaque résultat
Percentile par nombre de réponses
Votre historique - résultats
Vous n’avez pas pris ce quiz